| 000 | 00545nam a22001337a 4500 | ||
|---|---|---|---|
| 040 | _cRUA | ||
| 082 | _aAVM HOR 2010 B064 Or.1 | ||
| 100 | _aHOR, SOURLOING. | ||
| 245 | _aStudy on skin diseases and parasites of crocodiles (crocodylus siamensiss), ការសិក្សាលើជំងឺស្បែក និបរាសិតរបស់ក្រពើ | ||
| 260 |
_aPhnom Penh _bRUA _c2010 |
||
| 300 |
_avii; 52p. _bill. _c29cm. |
||
| 856 | _uhttps://drive.google.com/file/d/1UoCEmyz3_Z4ZzaRBao4A6G8zq2WeO5vn/view?usp=sharing | ||
| 942 | _cAVM | ||
| 999 |
_c2362 _d2362 |
||